Lenguaje y Comunicación 2º Educación Básica: Cuaderno de escritura

Saved in:
Bibliografiske detaljer
Main Authors: Herrera Ahumada, María Inés (Author), Arenas Barrera, María Pía (Author)
Format: Bog
Sprog:spansk
Udgivet: Santiago Santillana 2009
Fag:
Tags: Tilføj Tag
Ingen Tags, Vær først til at tagge denne postø!

MARC

LEADER 00000nam a2200000 a 4500
001 UCG0042
003 CL-VaPUC
008 100312e20090000CL |||||||||||||||||spa|d
020 |a 9789561514812 
082 0 4 |a 372.6  |b HER  |2 21 
100 |a Herrera Ahumada, María Inés  |e author  |9 547326 
700 0 |a Arenas Barrera, María Pía  |e author  |9 547325 
245 1 0 |a Lenguaje y Comunicación 2º Educación Básica: Cuaderno de escritura 
300 |a 95 p 
942 |c BK 
945 |d 20100312 00:00:00  |a rbrito 
260 |a Santiago  |b Santillana  |c 2009 
650 0 |a Educación lingüística  |9 306506 
650 0 |a Educación básica   |9 224933 
650 0 |a Libros de texto  |9 270019 
650 0 |a Métodos de enseñanza  |9 270413 
583 |a last modification  |c 20170816 01:26:29  |k Rodrigo Vera 
999 |c 339793  |d 339791 
952 |0 0  |1 0  |4 0  |6 372_600000000000000_HER_2009  |7 0  |8 A  |9 433763  |a BIBEDU  |b BIBEDU  |d 2019-11-22  |i 4642600  |o 372.6 HER 2009  |p 4642600  |r 2019-11-22  |w 2019-11-22  |y BK  |k EBA 
952 |0 0  |1 0  |4 0  |6 372_600000000000000_HER_2009  |7 0  |8 A  |9 433764  |a BIBEDU  |b BIBEDU  |d 2019-11-22  |i 4642686  |o 372.6 HER 2009  |p 4642686  |r 2019-11-22  |w 2019-11-22  |y BK  |k EBA